Prehľad existujúcich prístupov k zdaňovaniu automobilov
Zavedenie plošného zdaňovania vozidiel by predstavovalo v porovnaní so súčasným stavom z hľadiska efektivity, jednoduchosti a predovšetkým spravodlivosti daňového systému krok vpred, nakoľko vlastníctvo vozidla poskytuje relatívne presnú informáciu o bohatstve zdaňovaného subjektu.
Gespeichert in:
| 1. Verfasser: | |
|---|---|
| Format: | Buchkapitel |
| Sprache: | Slowakisch |
| Schlagworte: | |
| Tags: |
Keine Tags, Fügen Sie das erste Tag hinzu!
|
MARC
| LEADER | 00000nla a2200000 4500 | ||
|---|---|---|---|
| 001 | 0174312 | ||
| 005 | 20240502072955.1 | ||
| 041 | 0 | |a slo | |
| 044 | |a SK | ||
| 245 | 1 | 0 | |a Prehľad existujúcich prístupov k zdaňovaniu automobilov |c Zuzana Neupauerová |
| 520 | |a Zavedenie plošného zdaňovania vozidiel by predstavovalo v porovnaní so súčasným stavom z hľadiska efektivity, jednoduchosti a predovšetkým spravodlivosti daňového systému krok vpred, nakoľko vlastníctvo vozidla poskytuje relatívne presnú informáciu o bohatstve zdaňovaného subjektu. | ||
| 610 | 2 | 0 | |a dane |
| 610 | 2 | 0 | |a systémy daňové |
| 610 | 2 | 0 | |a dane z vozidiel motorových |
| 610 | 2 | 0 | |a povinnosť daňová |
| 610 | 2 | 0 | |a daňovníci |
| 610 | 2 | 0 | |a zdaňovanie |
| 610 | 2 | 0 | |a správa daňová |
| 100 | 1 | |a Neupauerová, Zuzana | |